Judy Garland Films - Statistics

General Stats
  • This quiz has been taken 49 times
    15 since last reset
  • The average score is 10 of 14
Answer Stats
Hint Answer % Correct
A Star ... Is Born
100%
Judgement At ... Nuremberg
100%
Easter ... Parade
100%
Meet Me In ... St Louis
100%
The Wizard ... Of Oz
93%
Till The Clouds ... Roll By
80%
Strike Up ... The Band
80%
Life Begins For ... Andy Hardy
67%
In The Good Old ... Summertime
67%
I Could Go On ... Singing
60%
Little Nellie ... Kelly
53%
Babes On ... Broadway
47%
Thoroughbreds Don't ... Cry
33%
Andy Hardy Meets ... Debutante
27%
No matching quizzes found
Score Distribution
Percent of People with Each Score
Percentile by Number Answered
Your Score History
You have not taken this quiz since the last reset